000 00246nam a2200097Ia 4500
001 688611
005 20250826161618.0
008 250824s9999 xx 000 0 und d
245 0 _aBÜTÜN BİR ÖMÜR
_cROBERT SEETHALER
260 _bTİMAŞ YAYINLARI
999 _c688611
_d688611